000 00430nam a2200157 i 4500
001 76856
003 ES-MaACL
005 20230906173005.0
007 t|
008 041005s1921 fr ||||1| fre d
100 1 _aGuignebert, Charles.
_960664
245 1 3 _aLe Christianisme antique /
_cCharles Guignebert.
260 _aParis :
_b[s.n.,
_c1921] (
_fHemmerlé et Cie.)
300 _a270 p. ;
_c18 cm.
852 _aES-MaACL
_jF-6429
999 _c76856
_d76856